000
00345nam a22001217a 4500
003
SGT
082
_a
080
_b
V11J
100
_a
जैन, अनिल
245
_a
यादों में प्रभास : प्रभास प्रसंग
260
_b
इंदौर प्रकाशन
_c
2011
300
_a
120
942
_2
ddc
_c
BK
999
_c
31451
_d
31451